000 00575nam a2200205Ia 4500
005 20250923145603.0
008 008 250917s9999 xx 000 0 eng d
037 _aTextual
040 _aDSWL
_beng
_cDSWL
041 _aeng
_2eng
084 _aY:(X8), N82
_qDSWL
100 _aGupta, O.P.
_9836889
245 0 _aCommitment to work of Industrial workers
_c by O.P.Gupta
260 _aNew Delhi
_bDelhi Concept
_c1982
300 _axvi,252p.
365 _aINR
_b54.00
925 _g54.00
942 _cTEXL
_hY:(X8), N82
999 _c1453184
_d1453184